[Event "4NCL Division 4 South"]
[Site "Reading, ENG"]
[Date "2017.01.14"]
[Round "3.76"]
[White "Sanitt, Leo"]
[Black "Goodwin, Ed H"]
[Result "0-1"]
[WhiteElo "1900"]
[BlackElo "1900"]
[PlyCount "102"]
[EventDate "2017.01.14"]
[WhiteTeam "Barnet Knights 1"]
[BlackTeam "Throw in the Tal 1"]

1. e4 e6 2. d4 d5 3. e5 c5 4. c3 Nc6 5. Nf3 Bd7 6. Be2 Nh6 7. Bxh6 gxh6 8. O-O
Bg7 9. Na3 cxd4 10. cxd4 a6 11. Qd2 O-O 12. Bd3 f5 13. exf6 Qxf6 14. Nc2 Be8
15. Rfe1 Bh5 16. Ne5 Nxe5 17. Rxe5 Qf7 18. Re3 Kh8 19. Rae1 Rae8 20. f3 b5 21.
Qb4 Qd7 22. Qa5 Qc6 23. Qd2 Qb6 24. Bf1 Bg6 25. Bd3 Bxd4 26. Nxd4 Qxd4 27. Qc3
Qxc3 28. bxc3 Bxd3 29. Rxd3 Kg7 30. Kf2 Kf6 31. Ke3 Rc8 32. Kd2 Rc4 33. Rd4
Rxd4+ 34. cxd4 Rc8 35. Kd3 Rc4 36. Rb1 Ra4 37. Rb2 Ra3+ 38. Kd2 Kf5 39. Rc2 Ra4
40. Kd3 Ra3+ 41. Kd2 Kf4 42. Rb2 h5 43. Rc2 h4 44. Ke2 b4 45. Rd2 a5 46. Kf2 a4
47. g3+ hxg3+ 48. hxg3+ Kf5 49. Ke2 b3 50. axb3 axb3 51. Rd3 b2 0-1

[Event "4NCL Division 4 South"]
[Site "Reading, ENG"]
[Date "2017.01.14"]
[Round "3.81"]
[White "Shaw, Meyrick"]
[Black "Akeya-Price, Robert"]
[Result "1-0"]
[WhiteElo "1933"]
[BlackElo "1701"]
[PlyCount "137"]
[EventDate "2017.01.14"]
[WhiteTeam "Brown Jack 2"]
[BlackTeam "Wood Green MM 3"]

1. Nf3 Nf6 2. d4 e6 3. Bf4 d5 4. e3 c5 5. Nbd2 Nc6 6. c3 b6 7. Bb5 Bd7 8. Qa4
Ne7 9. Ne5 Bxb5 10. Qxb5+ Nd7 11. dxc5 bxc5 12. e4 Ng6 13. Nxg6 hxg6 14. exd5
exd5 15. O-O-O Be7 16. Nf3 Qb6 17. Qe2 Qe6 18. Rhe1 O-O 19. Qd2 Qa6 20. Rxe7
Qxa2 21. Qxd5 Qa1+ 22. Kc2 Qa4+ 23. Qb3 Qxf4 24. Rdxd7 Rab8 25. Qd5 Qa4+ 26.
Kb1 Qb5 27. Rb7 Qf1+ 28. Ka2 Qa6+ 29. Kb3 c4+ 30. Kc2 Qa4+ 31. Kb1 Rbd8 32.
Rxf7 Qd1+ 33. Qxd1 Rxd1+ 34. Kc2 Rxf7 35. Rb8+ Rf8 36. Rxf8+ Kxf8 37. Kxd1 Ke7
38. Ne5 Ke6 39. Nxc4 Kd5 40. Ne3+ Ke4 41. c4 Kd4 42. b4 a6 43. c5 Ke5 44. Kc2
g5 45. Kc3 g6 46. Kc4 g4 47. Nxg4+ Ke6 48. c6 Kd6 49. Ne5 g5 50. b5 axb5+ 51.
Kxb5 g4 52. Nxg4 Kc7 53. h4 Kd6 54. f4 Kc7 55. f5 Kd6 56. h5 Kc7 57. h6 Kd6 58.
h7 Ke7 59. c7 Kd7 60. Kb6 Kd6 61. Nh6 Kd5 62. g4 Kd6 63. g5 Kd5 64. Ng4 Kd6 65.
g6 Kd7 66. g7 Kd6 67. g8=Q Kd7 68. c8=Q+ Kd6 69. Qge6# 1-0

[Event "4NCL Division 4 South"]
[Site "Reading, ENG"]
[Date "2017.01.14"]
[Round "3.82"]
[White "Gogna, Aman"]
[Black "Bourne, Johnathan D"]
[Result "0-1"]
[WhiteElo "1727"]
[BlackElo "1952"]
[PlyCount "46"]
[EventDate "2017.01.14"]
[WhiteTeam "Wood Green MM 3"]
[BlackTeam "Brown Jack 2"]

1. d4 Nf6 2. Nf3 g6 3. c4 Bg7 4. g3 d6 5. Bg2 O-O 6. O-O Nbd7 7. Qc2 a6 8. Rd1
c5 9. Nc3 Rb8 10. b3 b5 11. e3 Qc7 12. Bf1 Bb7 13. e4 cxd4 14. Nxd4 Rfc8 15.
Bb2 bxc4 16. bxc4 Ne5 17. Rac1 Nxe4 18. Nb3 Nf3+ 19. Kg2 Nxc3 20. Rd5 Nxd5 21.
Qd1 Bxb2 22. Rc2 Bg7 23. Rc1 Nc3 0-1

[Event "4NCL Division 4 South"]
[Site "Reading, ENG"]
[Date "2017.01.14"]
[Round "3.83"]
[White "Parker, Francis"]
[Black "Gogna, Avi"]
[Result "1-0"]
[WhiteElo "1906"]
[BlackElo "1675"]
[PlyCount "61"]
[EventDate "2017.01.14"]
[WhiteTeam "Brown Jack 2"]
[BlackTeam "Wood Green MM 3"]

1. f4 d5 2. c4 e6 3. Nf3 Nf6 4. b3 g6 5. Bb2 Bg7 6. e3 O-O 7. Be2 b6 8. O-O Bb7
9. Na3 a6 10. Rc1 c5 11. Nc2 Nbd7 12. Nce1 Qc7 13. Be5 Nxe5 14. Nxe5 Rfd8 15.
d4 Rac8 16. N1d3 Qe7 17. dxc5 bxc5 18. Bf3 dxc4 19. Bxb7 Qxb7 20. Rxc4 Nd5 21.
Qf3 Qa7 22. Rfc1 f6 23. Ng4 Bf8 24. Ngf2 Nb6 25. R4c2 Nd5 26. e4 Nb4 27. Nxb4
c4 28. Rxc4 Rxc4 29. Rxc4 Bc5 30. Nc6 Bxf2+ 31. Kf1 1-0

[Event "4NCL Division 4 South"]
[Site "Reading, ENG"]
[Date "2017.01.14"]
[Round "3.84"]
[White "Desai, Nilomi"]
[Black "O'Byrne, Daniel"]
[Result "1/2-1/2"]
[WhiteElo "1690"]
[BlackElo "1802"]
[PlyCount "83"]
[EventDate "2017.01.14"]
[WhiteTeam "Wood Green MM 3"]
[BlackTeam "Brown Jack 2"]

1. d4 Nf6 2. c4 c5 3. d5 b5 4. b3 Qb6 5. Qc2 g6 6. Nd2 Bg7 7. Rb1 d6 8. e4 a6
9. Bb2 O-O 10. Bd3 e6 11. Ne2 Nbd7 12. Nf3 Re8 13. O-O exd5 14. exd5 Rb8 15.
Ba1 Bb7 16. Rfe1 Re7 17. h3 Rbe8 18. Bc3 Bc8 19. Qd2 Ne4 20. Bxe4 Rxe4 21. Bxg7
Kxg7 22. Qc3+ Kg8 23. Ng3 Rxe1+ 24. Rxe1 Rxe1+ 25. Nxe1 bxc4 26. Qxc4 Qb4 27.
Nd3 Qxc4 28. bxc4 f5 29. Nf1 Kf7 30. Nd2 Kf6 31. f4 h6 32. h4 g5 33. hxg5+ hxg5
34. g3 Nb6 35. Kf2 Bd7 36. Nb2 Be8 37. Ke2 Bh5+ 38. Nf3 g4 39. Nd2 Be8 40. Kf2
a5 41. Ke3 a4 42. a3 1/2-1/2

[Event "4NCL Division 4 South"]
[Site "Reading, ENG"]
[Date "2017.01.14"]
[Round "3.85"]
[White "Tombolis, Christopher"]
[Black "Lazarevic, Ljubica"]
[Result "1-0"]
[WhiteElo "1825"]
[BlackElo "1335"]
[PlyCount "45"]
[EventDate "2017.01.14"]
[WhiteTeam "Brown Jack 2"]
[BlackTeam "Wood Green MM 3"]

1. d4 d5 2. c4 e6 3. Nc3 Nf6 4. Nf3 Nbd7 5. Bg5 Be7 6. e3 b6 7. Rc1 Bb7 8. Bd3
c5 9. O-O O-O 10. h3 dxc4 11. Bxc4 Nd5 12. Bxd5 Bxd5 13. Bxe7 Qxe7 14. Nxd5
exd5 15. dxc5 Nxc5 16. Qxd5 Rfd8 17. Qf5 Rd6 18. Nd4 Rad8 19. b4 Rd5 20. Qb1
Ne4 21. Nc6 Qh4 22. Rc4 Re8 23. f3 1-0

[Event "4NCL Division 4 South"]
[Site "Reading, ENG"]
[Date "2017.01.14"]
[Round "3.86"]
[White "Johnson, Elizabeth"]
[Black "White, Oliver"]
[Result "1-0"]
[WhiteElo "1399"]
[BlackElo "1360"]
[PlyCount "93"]
[EventDate "2017.01.14"]
[WhiteTeam "Wood Green MM 3"]
[BlackTeam "Brown Jack 2"]

1. e4 e6 2. d4 d5 3. Nc3 Bb4 4. Bd3 Nf6 5. e5 Nfd7 6. Nge2 c5 7. Bb5 a6 8.
Bxd7+ Bxd7 9. a3 Bxc3+ 10. Nxc3 cxd4 11. Qxd4 Nc6 12. Qg4 g6 13. Qe2 Qc7 14. f4
Rc8 15. O-O Nd4 16. Qd1 Nf5 17. Rf2 O-O 18. Qd3 Rfd8 19. Be3 Nxe3 20. Qxe3 Qc4
21. Qd3 Bb5 22. Nxb5 axb5 23. Qxc4 bxc4 24. g4 c3 25. b3 d4 26. Rf3 Kg7 27. Rd3
f6 28. Rad1 fxe5 29. fxe5 Rd5 30. Rxd4 Rcd8 31. Rxd5 Rxd5 32. Rxd5 exd5 33. Kf2
Kf7 34. Ke3 Ke6 35. Kd4 h5 36. gxh5 gxh5 37. a4 h4 38. a5 h3 39. b4 Ke7 40.
Kxd5 Kd7 41. b5 Kc8 42. e6 Kb8 43. e7 b6 44. e8=Q+ Kb7 45. a6+ Ka7 46. Qd7+ Ka8
47. Qb7# 1-0

[Event "4NCL Division 4 South"]
[Site "Reading, ENG"]
[Date "2017.01.14"]
[Round "3.91"]
[White "Amato, Giampiero"]
[Black "Campbell, Mark C"]
[Result "1-0"]
[WhiteElo "2007"]
[BlackElo "1930"]
[PlyCount "97"]
[EventDate "2017.01.14"]
[WhiteTeam "CSC Rhinos (2)"]
[BlackTeam "Cambridge University 3"]

1. e4 c5 2. Nf3 d6 3. d4 cxd4 4. Nxd4 Nf6 5. Nc3 a6 6. f4 Qc7 7. Bd3 e5 8. Nf3
b5 9. a3 Nbd7 10. O-O Be7 11. fxe5 dxe5 12. Nh4 Nc5 13. Nf5 Bxf5 14. Rxf5 Qd6
15. Bg5 O-O 16. Bxf6 Bxf6 17. Nd5 Bd8 18. b4 Nxd3 19. Qxd3 Qe6 20. c4 bxc4 21.
Qxc4 Bb6+ 22. Kh1 Bd4 23. Raf1 Rac8 24. Qe2 f6 25. g4 h6 26. h4 Rcd8 27. Qf3
Qd6 28. Qb3 Kh8 29. a4 Rb8 30. Qf3 Rfe8 31. g5 fxg5 32. hxg5 hxg5 33. Qh5+ Qh6
34. Qxh6+ gxh6 35. Rf7 Kg8 36. Rd7 Rf8 37. Nf6+ Rxf6 38. Rxf6 Rxb4 39. Rxa6
Rb1+ 40. Kg2 Rb2+ 41. Kf3 Rf2+ 42. Kg4 Rf8 43. Rg6+ Kh8 44. Rxh6+ Kg8 45. Kh5
Ra8 46. Rc6 Be3 47. a5 Kf8 48. a6 Ke8 49. Rh7 1-0

[Event "4NCL Division 4 South"]
[Site "Reading, ENG"]
[Date "2017.01.14"]
[Round "3.92"]
[White "Kreuzer, Christopher R L"]
[Black "Richardson, Keith B"]
[Result "1/2-1/2"]
[WhiteElo "1995"]
[BlackElo "2001"]
[PlyCount "59"]
[EventDate "2017.01.14"]
[WhiteTeam "Cambridge University 3"]
[BlackTeam "CSC Rhinos (2)"]

1. e4 g6 2. d4 Bg7 3. Nf3 d6 4. Bc4 Nf6 5. Nc3 O-O 6. Qe2 Nc6 7. O-O Bg4 8. Rd1
Nd7 9. Be3 e5 10. d5 Nd4 11. Bxd4 exd4 12. Nb5 Ne5 13. Nbxd4 c5 14. dxc6 bxc6
15. h3 Bd7 16. Nxe5 Bxe5 17. Qe3 Qe7 18. c3 Rfe8 19. Nf3 Bg7 20. Qf4 Be6 21.
Bxe6 Qxe6 22. Rxd6 Qxe4 23. Qxe4 Rxe4 24. Rxc6 Re2 25. Rb1 Rb8 26. b4 Rxa2 27.
c4 a5 28. b5 a4 29. b6 Rb2 30. Ra1 1/2-1/2

[Event "4NCL Division 4 South"]
[Site "Reading, ENG"]
[Date "2017.01.14"]
[Round "3.93"]
[White "Vachtfeidl, Petr"]
[Black "Lim, Mark"]
[Result "1/2-1/2"]
[WhiteElo "1982"]
[BlackElo "1823"]
[PlyCount "96"]
[EventDate "2017.01.14"]
[WhiteTeam "CSC Rhinos (2)"]
[BlackTeam "Cambridge University 3"]

1. d4 g6 2. e4 Bg7 3. c4 d6 4. Nc3 Nf6 5. f3 O-O 6. Be3 c5 7. Nge2 Nc6 8. Qd2
e6 9. O-O-O Qa5 10. Kb1 cxd4 11. Nxd4 d5 12. Nxc6 bxc6 13. Nxd5 Qa4 14. b3 Qa3
15. Qb4 Qb2+ 16. Kxb2 Nxd5+ 17. Ka3 Nxb4 18. Kxb4 Bb2 19. c5 e5 20. Bc4 a5+ 21.
Ka4 Ba6 22. Bxa6 Rxa6 23. Rd7 Rb8 24. Bd2 Kg7 25. Rd6 Bd4 26. Rc1 Rba8 27. Bc3
Bxc3 28. Rxc3 Rb8 29. Rc4 Kf8 30. g4 Ke7 31. g5 h6 32. gxh6 Rh8 33. Rc2 Rxh6
34. b4 axb4+ 35. Kxb4 Rh3 36. Rf2 Rh4 37. a4 Rh8 38. a5 Rb8+ 39. Kc4 Rb1 40.
Ra2 Rf1 41. Rd3 Rb1 42. Rb3 Rc1+ 43. Rc3 Rb1 44. h4 Rb5 45. Rca3 Rb1 46. Rb3
Rc1+ 47. Rc3 Rd1 48. Rb3 Rc1+ 1/2-1/2

[Event "4NCL Division 4 South"]
[Site "Reading, ENG"]
[Date "2017.01.14"]
[Round "3.94"]
[White "Phillips, William"]
[Black "Mashayekh, Majid"]
[Result "1/2-1/2"]
[WhiteElo "1866"]
[BlackElo "1944"]
[PlyCount "78"]
[EventDate "2017.01.14"]
[WhiteTeam "Cambridge University 3"]
[BlackTeam "CSC Rhinos (2)"]

1. d4 Nf6 2. Nf3 e6 3. c4 Bb4+ 4. Bd2 Qe7 5. Nc3 O-O 6. Qc2 b6 7. e3 Bb7 8. Bd3
d6 9. a3 Bxc3 10. Bxc3 Nbd7 11. e4 e5 12. d5 Nc5 13. O-O Qd7 14. b4 Nxd3 15.
Qxd3 Qg4 16. Rae1 Nh5 17. Bd2 Bc8 18. h3 Nf4 19. Bxf4 Qxf4 20. Qe3 Qxe3 21.
Rxe3 f5 22. exf5 Bxf5 23. Nh4 a5 24. Nxf5 Rxf5 25. b5 Rf4 26. Rc1 Raf8 27. Rc2
Rd4 28. g3 h5 29. Kf1 h4 30. Ke2 Rf6 31. Rcc3 hxg3 32. fxg3 e4 33. Rc1 Kf7 34.
Rec3 Rg6 35. Ke3 Rd3+ 36. Kxe4 Rdxg3 37. Rf1+ Ke7 38. Rxg3 Rxg3 39. Rf3 Rg1
1/2-1/2

[Event "4NCL Division 4 South"]
[Site "Reading, ENG"]
[Date "2017.01.14"]
[Round "3.95"]
[White "Foley, John P"]
[Black "Davis, Holden"]
[Result "1-0"]
[WhiteElo "1939"]
[BlackElo "1751"]
[PlyCount "145"]
[EventDate "2017.01.14"]
[WhiteTeam "CSC Rhinos (2)"]
[BlackTeam "Cambridge University 3"]

1. d4 Nf6 2. Nf3 d5 3. Bf4 c6 4. e3 e6 5. Bd3 Bd6 6. Bg3 Bxg3 7. hxg3 Qb6 8.
Nbd2 Nbd7 9. Rb1 c5 10. c4 cxd4 11. exd4 Qa5 12. b4 Qd8 13. c5 Qe7 14. Qe2 h6
15. O-O O-O 16. Rfe1 Re8 17. Ne5 Nxe5 18. dxe5 Nd7 19. Nf3 Nf8 20. Nd4 Bd7 21.
Rbc1 Rec8 22. a3 Rc7 23. Rc3 Rac8 24. Rec1 Qg5 25. b5 Ng6 26. c6 bxc6 27. bxc6
Be8 28. Ba6 Rd8 29. f4 Qe7 30. Bb7 f6 31. exf6 gxf6 32. Qxe6+ Bf7 33. Qxe7 Nxe7
34. Re1 Nc8 35. Nf5 d4 36. Rd3 Bc4 37. Rxd4 Rxd4 38. Nxd4 Nd6 39. Rc1 Kf7 40.
Nf5 Nxf5 41. Rxc4 Nxg3 42. Ra4 Ke6 43. Kf2 Nf5 44. Rxa7 Ne7 45. Ra6 Kd6 46. Kf3
f5 47. Ra5 h5 48. Re5 h4 49. a4 Nxc6 50. Bxc6 Rxc6 51. Rxf5 Rc3+ 52. Kf2 h3 53.
gxh3 Rxh3 54. a5 Ra3 55. Re5 Rb3 56. Re3 Rb2+ 57. Kf3 Ra2 58. Re5 Ra1 59. Kg4
Rg1+ 60. Kf5 Ra1 61. Kf6 Ra4 62. f5 Ra1 63. a6 Kc7 64. Re6 Rh1 65. a7 Ra1 66.
Kf7 Kb7 67. Re7+ Kc6 68. f6 Ra2 69. Kg8 Kd6 70. Kf7 Ra1 71. Kf8 Ra2 72. f7 Ra1
73. Ke8 1-0

[Event "4NCL Division 4 South"]
[Site "Reading, ENG"]
[Date "2017.01.14"]
[Round "3.96"]
[White "Breed, Greg J"]
[Black "Lawson, Maurice E"]
[Result "0-1"]
[WhiteElo "1765"]
[BlackElo "1934"]
[PlyCount "66"]
[EventDate "2017.01.14"]
[WhiteTeam "Cambridge University 3"]
[BlackTeam "CSC Rhinos (2)"]

1. d4 d5 2. Nf3 Nf6 3. Bf4 c6 4. Nbd2 Bf5 5. e3 Nbd7 6. c4 e6 7. h3 Ne4 8. Qb3
Qb6 9. c5 Nxd2 10. Nxd2 Qxb3 11. axb3 e5 12. Bg3 a6 13. b4 exd4 14. exd4 Be7
15. Nb3 O-O-O 16. Na5 Rde8 17. Kd2 Nb8 18. Bd3 Bxd3 19. Kxd3 Bd8 20. Rhe1 Bc7
21. Bxc7 Kxc7 22. Nb3 Nd7 23. Nd2 Nf6 24. Re5 Nd7 25. Re3 Rxe3+ 26. Kxe3 Re8+
27. Kf3 Nf6 28. Rd1 Ne4 29. Nb1 Re6 30. Rf1 h6 31. g3 Ng5+ 32. Kg2 Re2 33. Nc3
Rxb2 0-1

[Event "4NCL Division 4 South"]
[Site "Reading, ENG"]
[Date "2017.01.14"]
[Round "3.101"]
[White "Vallis, Luke"]
[Black "Watson, Jacob"]
[Result "0-1"]
[WhiteElo "1915"]
[BlackElo "1803"]
[PlyCount "58"]
[EventDate "2017.01.14"]
[WhiteTeam "Sandhurst Cadets"]
[BlackTeam "Kent Kestrels"]

1. c4 Nf6 2. g3 e6 3. Bg2 d5 4. cxd5 exd5 5. d4 Bd6 6. Nc3 c6 7. Nf3 Nbd7 8.
O-O O-O 9. Bd2 Re8 10. Re1 Nb6 11. e3 Ne4 12. b3 Bg4 13. h3 Bh5 14. g4 Bg6 15.
Rf1 h5 16. Nxe4 dxe4 17. Ne1 Qh4 18. f4 Nd5 19. Nc2 hxg4 20. Qxg4 Qh7 21. Qg3
Ne7 22. Rfc1 Nf5 23. Qf2 Re6 24. Nb4 Nh4 25. d5 cxd5 26. Nxd5 Bf5 27. Kh2 Rg6
28. Bf1 Nf3+ 29. Kh1 Bxh3 0-1

[Event "4NCL Division 4 South"]
[Site "Reading, ENG"]
[Date "2017.01.14"]
[Round "3.102"]
[White "Watson, Mikey J"]
[Black "Isaksen, Peter A"]
[Result "1-0"]
[WhiteElo "1705"]
[BlackElo "1900"]
[PlyCount "127"]
[EventDate "2017.01.14"]
[WhiteTeam "Kent Kestrels"]
[BlackTeam "Sandhurst Cadets"]

1. d4 Nf6 2. e3 e6 3. Bd3 b6 4. Nf3 Bb7 5. a3 d6 6. b3 Nbd7 7. Bb2 c5 8. Nbd2
Rc8 9. Qe2 Be7 10. O-O-O cxd4 11. exd4 Qc7 12. g3 e5 13. Rhe1 O-O 14. dxe5 dxe5
15. Nxe5 Nxe5 16. Qxe5 Qxe5 17. Rxe5 Bc5 18. b4 Bxf2 19. Rf1 Ng4 20. Rg5 g6 21.
Rxg4 Be3 22. Kd1 Rfe8 23. Ne4 Bxe4 24. Rxe4 Rxe4 25. Bxe4 Re8 26. Bd5 Re7 27.
c4 Bh6 28. Kc2 Kf8 29. Bd4 f5 30. Kd3 Rd7 31. Re1 Bg5 32. Re6 Be7 33. Rc6 Bd6
34. Be6 Rd8 35. Rc8 Rxc8 36. Bxc8 Ke7 37. c5 Bc7 38. cxb6 axb6 39. Kc4 Kd6 40.
Kb5 Kd5 41. Bxb6 Bb8 42. Bb7+ Ke5 43. a4 f4 44. a5 g5 45. a6 g4 46. gxf4+ Kxf4
47. a7 Bxa7 48. Bxa7 h5 49. Kc4 h4 50. Bb8+ Ke3 51. Bd5 Kf2 52. b5 g3 53. hxg3
hxg3 54. Bxg3+ Kxg3 55. b6 Kf4 56. b7 Kf5 57. b8=Q Kf6 58. Qe8 Kf5 59. Qe6+ Kf4
60. Qe4+ Kg5 61. Qf3 Kg6 62. Qf4 Kg7 63. Qf7+ Kh8 64. Qg8# 1-0

[Event "4NCL Division 4 South"]
[Site "Reading, ENG"]
[Date "2017.01.14"]
[Round "3.103"]
[White "Kadambadi, Nikhil"]
[Black "Nayak, Aurideep"]
[Result "1-0"]
[WhiteElo "1802"]
[BlackElo "1574"]
[PlyCount "107"]
[EventDate "2017.01.14"]
[WhiteTeam "Sandhurst Cadets"]
[BlackTeam "Kent Kestrels"]

1. e4 c5 2. c3 d5 3. exd5 Qxd5 4. d4 e6 5. Nf3 Nf6 6. Be2 Nc6 7. O-O b6 8. Bb5
Bb7 9. c4 Qd6 10. dxc5 Qxd1 11. Rxd1 Bxc5 12. Ne5 Rc8 13. Nxc6 Bxc6 14. Bxc6+
Rxc6 15. Bg5 Bxf2+ 16. Kxf2 Ne4+ 17. Ke3 Nxg5 18. h4 Rxc4 19. hxg5 Ke7 20. Nc3
Rg4 21. Kf3 Rxg5 22. Rac1 Rc8 23. Rh1 b5 24. Nd5+ Rxd5 25. Rxc8 h6 26. Rc7+ Rd7
27. Rxd7+ Kxd7 28. Rd1+ Ke7 29. Ke4 f6 30. Rd3 g6 31. Ra3 Kd6 32. Ra6+ Kd7 33.
Rxa7+ Kd6 34. Ra6+ Ke7 35. Rb6 g5 36. Rxb5 h5 37. a4 h4 38. a5 f5+ 39. Rxf5
exf5+ 40. Kxf5 Kd7 41. Kxg5 Kc6 42. b4 Kb5 43. Kxh4 Ka6 44. g4 Kb5 45. g5 Kxb4
46. a6 Kc4 47. a7 Kd4 48. a8=Q Ke5 49. Qd8 Ke4 50. Kg4 Ke3 51. Qd5 Ke2 52. Qb3
Ke1 53. Qc2 Kf1 54. Kf3 1-0

[Event "4NCL Division 4 South"]
[Site "Reading, ENG"]
[Date "2017.01.14"]
[Round "3.104"]
[White "Bansal, Saahil"]
[Black "Stoyanov, Viktor"]
[Result "0-1"]
[WhiteElo "1562"]
[BlackElo "1780"]
[PlyCount "118"]
[EventDate "2017.01.14"]
[WhiteTeam "Kent Kestrels"]
[BlackTeam "Sandhurst Cadets"]

1. d4 Nf6 2. c4 g6 3. Nc3 Bg7 4. e4 d6 5. f3 O-O 6. Be3 Nbd7 7. Nge2 c5 8. d5
Ne5 9. Nc1 b6 10. h3 Ba6 11. Qa4 Bc8 12. Nd3 Bd7 13. Qb3 Nxd3+ 14. Bxd3 Qc7 15.
Qc2 Rab8 16. Qd2 a6 17. a4 Rfc8 18. Bh6 Bh8 19. g4 b5 20. axb5 axb5 21. cxb5 c4
22. Bc2 Bxb5 23. h4 Be8 24. Bd1 Qb6 25. Rb1 Nd7 26. Bc2 Qd4 27. h5 Qxd2+ 28.
Kxd2 Rb7 29. hxg6 fxg6 30. Ke2 Rcb8 31. f4 Rxb2 32. Rxb2 Rxb2 33. Kd2 Nc5 34.
f5 Nb3+ 35. Kd1 Bxc3 36. fxg6 Bxg6 37. Rf1 Bg7 38. Be3 Nd4 39. Bxd4 Bxd4 40.
Kc1 Ra2 41. Rd1 Be5 42. Re1 Ra3 43. Kd2 Bc3+ 44. Ke2 Bxe1 45. Kxe1 Bxe4 46.
Bxe4 Re3+ 47. Kf2 Rxe4 48. Kf3 Rxg4 49. Ke3 h5 50. Kf3 c3 51. Ke3 Rd4 52. Ke2
c2 53. Ke3 Rxd5 54. Ke4 Re5+ 55. Kf3 c1=Q 56. Kg3 Qg1+ 57. Kf3 Re3+ 58. Kf4
Qg3+ 59. Kf5 Re5# 0-1

[Event "4NCL Division 4 South"]
[Site "Reading, ENG"]
[Date "2017.01.14"]
[Round "3.105"]
[White "Vallis, Nicholas J"]
[Black "Chidipothu, Nikhil"]
[Result "1-0"]
[WhiteElo "1630"]
[BlackElo "1435"]
[PlyCount "150"]
[EventDate "2017.01.14"]
[WhiteTeam "Sandhurst Cadets"]
[BlackTeam "Kent Kestrels"]

1. c4 Nf6 2. Nc3 g6 3. g3 Bg7 4. Bg2 O-O 5. Nf3 d6 6. O-O c5 7. d3 Nc6 8. Bg5
Bd7 9. a3 Qc8 10. Rb1 a5 11. Qd2 Bh3 12. Na4 Bxg2 13. Kxg2 Qc7 14. Nc3 Rfe8 15.
Bxf6 exf6 16. Nd5 Qd8 17. Rfe1 f5 18. b4 axb4 19. axb4 b6 20. Kg1 Nd4 21. Nxd4
Bxd4 22. e3 Bg7 23. Rb3 Ra6 24. Rd1 h6 25. Kf1 h5 26. h4 Ra8 27. Kg1 Rb8 28.
Rdb1 Ra8 29. Qd1 Ra2 30. bxc5 bxc5 31. Rb7 Qa5 32. R7b5 Qd2 33. Qxd2 Rxd2 34.
R5b3 Ra8 35. Rb8+ Rxb8 36. Rxb8+ Kh7 37. Rb3 Rb2 38. Rb5 Rd2 39. Rb3 Rb2 40.
Rxb2 Bxb2 41. Nb6 Bg7 42. Nc8 Bf8 43. d4 cxd4 44. exd4 Kg7 45. Kg2 Kf6 46. Kf3
Ke6 47. Nb6 Bh6 48. Nd5 Kd7 49. Nf6+ Ke6 50. Nd5 Kd7 51. Nf6+ Ke6 52. Nd5 Kd7
53. Nf4 Bxf4 54. Kxf4 f6 55. Ke3 Kc7 56. Kd3 Kb7 57. f4 Kc6 58. Kc3 d5 59. Kb4
Kb6 60. c5+ Kc6 61. Ka5 Kb7 62. Kb5 Kc7 63. c6 Kb8 64. Kb6 Kc8 65. c7 Kd7 66.
Kb7 Kd6 67. c8=Q Ke7 68. Qc5+ Ke6 69. Kc7 Kf7 70. Qxd5+ Ke7 71. Qd7+ Kf8 72.
Kd8 Kg8 73. Qe6+ Kg7 74. Qe7+ Kg8 75. Qxf6 g5 1-0

[Event "4NCL Division 4 South"]
[Site "Reading, ENG"]
[Date "2017.01.14"]
[Round "3.106"]
[White "Brightley-Davies, Ciaran"]
[Black "Thornley, Oliver"]
[Result "0-1"]
[WhiteElo "1472"]
[BlackElo "1540"]
[PlyCount "118"]
[EventDate "2017.01.14"]
[WhiteTeam "Kent Kestrels"]
[BlackTeam "Sandhurst Cadets"]

1. e4 c6 2. Nf3 d5 3. d3 dxe4 4. dxe4 Qxd1+ 5. Kxd1 Nf6 6. Bd3 Bg4 7. Nbd2 Nbd7
8. h3 Bh5 9. Be2 O-O-O 10. Ng5 Bg6 11. Bd3 Ne5 12. Ke2 h6 13. Ngf3 Nxd3 14.
cxd3 e6 15. Rd1 Bc5 16. Nc4 Bd4 17. g4 c5 18. Nfe5 b5 19. Nxg6 fxg6 20. Ne3
Rhf8 21. Bd2 a6 22. Rac1 Kb7 23. Bc3 Kb6 24. Bxd4 Rxd4 25. b3 Nd7 26. Nc2 Rd6
27. Ke3 e5 28. b4 Rdf6 29. bxc5+ Nxc5 30. Rf1 Rf3+ 31. Ke2 Nxd3 32. Rcd1 Nc5
33. Rd6+ Ka5 34. Rxg6 Nxe4 35. Rxg7 Ng3+ 36. fxg3 Rxf1 37. g5 hxg5 38. Rxg5
R8f2+ 39. Kd3 e4+ 40. Kxe4 Rxc2 41. h4 Rxa2 42. h5 Ra3 43. h6 Rh1 44. Rg6 Rxh6
45. Rxh6 Rxg3 46. Rh2 Ka4 47. Kd4 b4 48. Ra2+ Ra3 49. Rxa3+ Kxa3 50. Kd3 Ka2
51. Kc4 b3 52. Kb4 b2 53. Ka5 b1=Q 54. Kxa6 Qb4 55. Ka7 Kb3 56. Ka6 Kc4 57. Ka7
Kc5 58. Ka8 Kc6 59. Ka7 Qb7# 0-1

[Event "4NCL Division 4 South"]
[Site "Reading, ENG"]
[Date "2017.01.14"]
[Round "3.111"]
[White "Neatherway, A Philip"]
[Black "Spencer, Douglas"]
[Result "1/2-1/2"]
[WhiteElo "1843"]
[BlackElo "1967"]
[PlyCount "66"]
[EventDate "2017.01.14"]
[WhiteTeam "Oxford 3"]
[BlackTeam "West is Best 2"]

1. e4 e5 2. Nf3 Nf6 3. d4 Nxe4 4. Bd3 d5 5. Nxe5 Bd6 6. Nc3 Nxc3 7. bxc3 O-O 8.
O-O Bxe5 9. dxe5 Qe7 10. Re1 f6 11. exf6 Qxf6 12. Be3 Be6 13. Bd4 Qf7 14. Qe2
Re8 15. Be5 c6 16. Rab1 b5 17. Rb4 Nd7 18. Rf4 Qe7 19. Qh5 Nf8 20. Rxf8+ Kxf8
21. Qxh7 Qg5 22. Bd6+ Kf7 23. Re3 Rg8 24. Rg3 Qc1+ 25. Bf1 Qh6 26. Qd3 g5 27.
Rf3+ Ke8 28. Qd4 Kd7 29. Rf6 Qh4 30. Qe5 Qe4 31. Qg3 Qg4 32. Qe5 Qe4 33. Qg3
Qg4 1/2-1/2

[Event "4NCL Division 4 South"]
[Site "Reading, ENG"]
[Date "2017.01.14"]
[Round "3.112"]
[White "Taylor, William J"]
[Black "Bush, Ian"]
[Result "1/2-1/2"]
[WhiteElo "2035"]
[BlackElo "1810"]
[PlyCount "83"]
[EventDate "2017.01.14"]
[WhiteTeam "West is Best 2"]
[BlackTeam "Oxford 3"]

1. e4 d6 2. d4 Nf6 3. Nc3 g6 4. Bg5 Bg7 5. Qd2 c6 6. Bh6 Bxh6 7. Qxh6 Qa5 8.
Bd3 c5 9. d5 Nbd7 10. Nf3 c4 11. Bxc4 Qc5 12. b3 Qxf2+ 13. Kxf2 Ng4+ 14. Kg3
Nxh6 15. Rhe1 a6 16. e5 b5 17. Bd3 Nc5 18. Rad1 Ra7 19. exd6 Nxd3 20. Rxd3 Nf5+
21. Kf2 Nxd6 22. Nd4 Rc7 23. Ne4 O-O 24. Nxd6 exd6 25. Nc6 Bb7 26. Re7 Rxe7 27.
Nxe7+ Kg7 28. Rc3 Re8 29. Rc7 Kf6 30. Nc6 Bc8 31. Ra7 Re4 32. c3 h5 33. Ra8 Bg4
34. h3 Be2 35. Nb4 Bd1 36. Rxa6 Ke5 37. Rb6 h4 38. Rxb5 Re2+ 39. Kf1 Kf4 40.
Nd3+ Kg3 41. Rb4 Rxa2 42. Ke1 1/2-1/2

[Event "4NCL Division 4 South"]
[Site "Reading, ENG"]
[Date "2017.01.14"]
[Round "3.113"]
[White "Hameed, Asif"]
[Black "Richardt, Mike"]
[Result "0-1"]
[WhiteElo "1795"]
[BlackElo "2039"]
[PlyCount "70"]
[EventDate "2017.01.14"]
[WhiteTeam "Oxford 3"]
[BlackTeam "West is Best 2"]

1. e4 c5 2. Nf3 d6 3. d4 cxd4 4. Nxd4 Nf6 5. Nc3 a6 6. Bc4 Bd7 7. Be3 e6 8. f4
Qc7 9. Bb3 b5 10. Qd3 Be7 11. f5 e5 12. Nf3 O-O 13. Bg5 Bc6 14. Bxf6 Bxf6 15.
g4 Nd7 16. g5 Nc5 17. Qe3 Bd8 18. Bd5 b4 19. Bxc6 Qxc6 20. Nd5 Qb7 21. f6 Ne6
22. h4 Nf4 23. Nxf4 exf4 24. Qxf4 Re8 25. Nd2 d5 26. O-O-O Bc7 27. Qg4 dxe4 28.
Rde1 e3 29. Nc4 Rad8 30. Rh3 Qd5 31. Qe2 Re4 32. b3 Rxc4 33. Rd1 Rd4 34. Rxd4
Qxd4 35. Kb1 Be5 0-1

[Event "4NCL Division 4 South"]
[Site "Reading, ENG"]
[Date "2017.01.14"]
[Round "3.114"]
[White "Hassall, Mark I"]
[Black "Gentry, Alan E"]
[Result "1/2-1/2"]
[WhiteElo "1946"]
[BlackElo "1746"]
[PlyCount "49"]
[EventDate "2017.01.14"]
[WhiteTeam "West is Best 2"]
[BlackTeam "Oxford 3"]

1. e4 c5 2. Nf3 d6 3. d4 cxd4 4. Nxd4 Nf6 5. Nc3 a6 6. Bg5 e6 7. f4 Bd7 8. e5
dxe5 9. fxe5 Qc7 10. Bf4 Bb4 11. exf6 Qxf4 12. fxg7 Rg8 13. Qd2 Qe5+ 14. Be2
Rxg7 15. g3 Nc6 16. O-O-O Be7 17. Nf3 Qc7 18. Kb1 O-O-O 19. Qe3 Qa5 20. Ne4 Nb4
21. Qc3+ Qc7 22. Qxc7+ Kxc7 23. Ne5 Bc6 24. Nxc6 Nxc6 25. Rxd8 1/2-1/2